000 00408nam a2200145Ia 4500
008 230917s9999||||xx |||||||||||||| ||und||
040 _e187487
_aMAIN
041 _aEnglish
082 _a005.432 I2W
100 _aIndira Gandhi National Open University
245 0 _aWindows programming (CS-65). 2V.
260 _aNew Delhi
_bIndira Gandhi National Open University
_c2010
300 _av. p.
942 _cBK
999 _c161624
_d161624